5HLuxD.jpg

KING HENRY VIII SENIOR AND PRIMARY SCHOOL LIBRARY OPAC

The last battle / (Record no. 1280)

000 -LEADER
fixed length control field 02246ctm a2200433 i 4500
001 - CONTROL NUMBER
control field 005518188
003 - CONTROL NUMBER IDENTIFIER
control field OCoLC
005 - DATE AND TIME OF LATEST TRANSACTION
control field 20221228082550.0
008 - FIXED-LENGTH DATA ELEMENTS--GENERAL INFORMATION
fixed length control field 930601r19941959nyuab j 000 1 eng
010 ## - LIBRARY OF CONGRESS CONTROL NUMBER
LC control number 93014302
020 ## - INTERNATIONAL STANDARD BOOK NUMBER
International Standard Book Number 9780064405034
Qualifying information (pbk.)
035 ## - SYSTEM CONTROL NUMBER
System control number (OCoLC)28293431
Canceled/invalid control number (OCoLC)31467570
-- (OCoLC)701782746
040 ## - CATALOGING SOURCE
Original cataloging agency DLC
Language of cataloging eng
Transcribing agency DLC
Modifying agency JBW
-- BAKER
-- BTCTA
-- XY4
-- YDXCP
-- CKK
-- CKL
-- OCLCQ
-- OCLCF
-- P4I
-- OCLCQ
-- OCLCO
-- TXHLC
-- BDX
-- NCTU
-- KH8
042 ## - AUTHENTICATION CODE
Authentication code nbic
082 04 - DEWEY DECIMAL CLASSIFICATION NUMBER
Classification number FIC LEW
Edition number 20
100 1# - MAIN ENTRY--PERSONAL NAME
Personal name Lewis, C. S.
Fuller form of name (Clive Staples),
Dates associated with a name 1898-1963.
Relator term Author
245 14 - TITLE STATEMENT
Title The last battle /
Statement of responsibility, etc. C.S. Lewis ; illustrated by Pauline Baynes.
250 ## - EDITION STATEMENT
Edition statement 1st HarperCollins ed.
264 ## - PRODUCTION, PUBLICATION, DISTRIBUTION, MANUFACTURE, AND COPYRIGHT NOTICE
Place of production, publication, distribution, manufacture New York :
Name of producer, publisher, distributor, manufacturer HarperCollins,
Date of production, publication, distribution, manufacture, or copyright notice 1994.
300 ## - PHYSICAL DESCRIPTION
Extent 211 pages :
Other physical details illustrations map ;
Dimensions 24 cm.
336 ## - CONTENT TYPE
Content type term text
Content type code txt
Source rdacontent.
337 ## - MEDIA TYPE
Media type term unmediated
Media type code n
Source rdamedia.
338 ## - CARRIER TYPE
Carrier type term volume
Carrier type code nc
Source rdacarrier.
490 1# - SERIES STATEMENT
Series statement The Chronicles of Narnia ;
Volume/sequential designation bk. 7.
505 00 - FORMATTED CONTENTS NOTE
Title By Caldron Pool --
-- Rashness of the king --
-- Ape in its glory --
-- What happened that night --
-- How help came to the king --
-- Good night's work --
-- Mainly about dwarfs --
-- What news the eagle brought --
-- Great meeting on Stable Hill --
-- Who will go into the stable? --
-- Pace quickens --
-- Through the stable door --
-- How the dwarfs refused to be taken in --
-- Night falls upon Narnia --
-- Further up and further in --
-- Farewell to the shadowlands.
520 ## - SUMMARY, ETC.
Summary, etc. When evil comes to Narnia, Jill and Eustace help fight the great last battle and Aslan leads his people to a glorious new paradise.
526 0# - STUDY PROGRAM INFORMATION NOTE
Interest level MG
Title point value 7.0
Public note 619.
526 0# - STUDY PROGRAM INFORMATION NOTE
Interest level 6-8
Title point value 9
Public note 06651.
650 #0 - SUBJECT ADDED ENTRY--TOPICAL TERM
Topical term or geographic name entry element Fantasy
Form subdivision Juvenile.
650 #1 - SUBJECT ADDED ENTRY--TOPICAL TERM
Topical term or geographic name entry element Fantasy.
650 #7 - SUBJECT ADDED ENTRY--TOPICAL TERM
Topical term or geographic name entry element Fantasy.
Source of heading or term fast
Authority record control number or standard number (OCoLC)fst00920687.
650 #7 - SUBJECT ADDED ENTRY--TOPICAL TERM
Topical term or geographic name entry element Narnia (Imaginary place)
Form subdivision Fiction.
Source of heading or term henn.
655 #7 - INDEX TERM--GENRE/FORM
Genre/form data or focus term Juvenile works.
Source of term fast
Authority record control number or standard number (OCoLC)fst01411637.
700 1# - ADDED ENTRY--PERSONAL NAME
Personal name Baynes, Pauline,
Relator term illustrator.
800 1# - SERIES ADDED ENTRY--PERSONAL NAME
Personal name Lewis, C. S.
Fuller form of name (Clive Staples),
Dates associated with a name 1898-1963.
Title of a work Chronicles of Narnia (HarperCollins (Firm)) ;
Volume/sequential designation bk. 7.
856 42 - ELECTRONIC LOCATION AND ACCESS
Materials specified Contributor biographical information
Uniform Resource Identifier <a href="http://catdir.loc.gov/catdir/enhancements/fy0910/93014302-b.html">http://catdir.loc.gov/catdir/enhancements/fy0910/93014302-b.html</a>
856 42 - ELECTRONIC LOCATION AND ACCESS
Materials specified Publisher description
Uniform Resource Identifier <a href="http://catdir.loc.gov/catdir/description/hc041/93014302.html">http://catdir.loc.gov/catdir/description/hc041/93014302.html</a>
942 ## - ADDED ENTRY ELEMENTS (KOHA)
Source of classification or shelving scheme
Koha item type Books - Fiction
Holdings
Withdrawn status Lost status Source of classification or shelving scheme Damaged status Not for loan Collection code Permanent Location Current Location Shelving location Date acquired Total Checkouts Full call number Barcode Date last seen Date last checked out Price effective from Koha item type
          Fiction KH8 Primary School Library KH8 Primary School Library Fiction 2022-12-28 4 FIC LEW KHPL000003058 2025-12-05 2024-05-09 2022-12-28 Books - Fiction

Powered By KH8 IT Dept